| 000 | 00532nam a2200217Ia 4500 | ||
|---|---|---|---|
| 008 | 200826s9999||||xx |||||||||||||| ||und|| | ||
| 020 | _a7541139432 | ||
| 020 | _a9787541139437 | ||
| 041 | _achi | ||
| 050 |
_aPL2780.F4 _b.A6 2014 |
||
| 100 | _a巴金 | ||
| 245 | 0 |
_a巴金选集: _b家 / _c巴金 |
|
| 246 |
_a巴金選集: _b家/ |
||
| 260 |
_a成都 _b四川文艺出版社, _c2014 |
||
| 300 |
_a10 v. _b; _c21 cm. |
||
| 650 | _aBa, Jin, 1904-2006 | ||
| 650 | _aChinese. | ||
| 650 | _aprose. | ||
| 949 | _vv.1 | ||
| 999 |
_c20726 _d20726 |
||